[Event "Tournoi Skype 016A"]
[Site "Skype"]
[Date "????.??.??"]
[Round "3.11"]
[White "Aceituno, Stebe"]
[Black "Rico Hernandez, Edgar"]
[Result "0-1"]
[WhiteElo "1626"]
[BlackElo "1872"]
[PlyCount "76"]

1. e4 c6 2. Nf3 d5 3. exd5 cxd5 4. Nc3 Nf6 5. d4 Bf5 6. Bb5+ Nbd7 7. O-O a6 8.
Ba4 b5 9. Bb3 e6 10. Bf4 Be7 11. a4 b4 12. Na2 O-O 13. c3 bxc3 14. Nxc3 Rc8 15.
Re1 Bb4 16. Rc1 Nb6 17. Na2 Bxe1 18. Qxe1 Rxc1 19. Qxc1 Qc8 20. Nb4 Qxc1+ 21.
Bxc1 Rc8 22. Bd2 Ne4 23. Be3 a5 24. Na6 Nd7 25. Ne5 Nxe5 26. dxe5 d4 27. Bf4 g5
28. f3 gxf4 29. fxe4 Bxe4 30. Kf2 Rc6 31. Nb8 Rb6 32. Nd7 Rxb3 33. Nf6+ Kg7 34.
Nxe4 Rxb2+ 35. Kf3 d3 36. Kxf4 Rb4 37. Ke3 Rxe4+ 38. Kxe4 d2 0-1

[Event "Tournoi Skype 016A"]
[Site "Skype"]
[Date "????.??.??"]
[Round "3.12"]
[White "Antonic, Nenad"]
[Black "Jaimes, Fredy"]
[Result "0-1"]
[WhiteElo "1545"]
[BlackElo "1814"]
[PlyCount "58"]

1. d4 Nf6 2. Nf3 g6 3. Nbd2 Bg7 4. c3 O-O 5. e4 d6 6. Bd3 c5 7. O-O Nc6 8. Nb3
cxd4 9. cxd4 a5 10. a3 a4 11. Nbd2 Qb6 12. Nc4 Qc7 13. e5 dxe5 14. dxe5 Ng4 15.
Re1 b5 16. Ne3 Rb8 17. Nd5 Qd8 18. Nf4 Ngxe5 19. Nxe5 Nxe5 20. Bc2 Qxd1 21.
Rxd1 Nc4 22. Nd5 e6 23. Ne7+ Kh8 24. Nxc8 Rbxc8 25. b3 Bxa1 26. bxc4 Rxc4 27.
Bd3 Rd8 28. Be2 Rxd1+ 29. Bxd1 Rxc1 0-1

[Event "Tournoi Skype 016A"]
[Site "Skype"]
[Date "????.??.??"]
[Round "3.13"]
[White "Holtz, Steve"]
[Black "Segura Lozano, Marcos Antonio"]
[Result "0-1"]
[WhiteElo "1545"]
[BlackElo "1807"]
[PlyCount "52"]

1. d4 Nf6 2. Nf3 d5 3. Bf4 Nbd7 4. Nc3 c6 5. e3 Qa5 6. Qd2 Nh5 7. Bg3 f5 8. Qd1
Nhf6 9. Ng5 Nb6 10. a3 Na4 11. b4 Nxc3 12. bxa5 Nxd1 13. Rxd1 h6 14. Nf3 e6 15.
Ra1 Ne4 16. Be5 Rg8 17. Nh4 g5 18. Nf3 Be7 19. c4 Bd8 20. Bd3 Bxa5+ 21. Kf1 g4
22. Ne1 Nd2+ 23. Kg1 dxc4 24. Bxc4 Nxc4 25. Bg3 Bxe1 26. Rxe1 Nxa3 0-1

[Event "Tournoi Skype 016A"]
[Site "Skype"]
[Date "????.??.??"]
[Round "3.14"]
[White "Malbec, Robert"]
[Black "Brun, Jacques"]
[Result "0-1"]
[WhiteElo "1525"]
[BlackElo "1804"]
[PlyCount "108"]

1. e4 c5 2. Nf3 Nc6 3. d4 cxd4 4. Nxd4 g6 5. Bc4 Bg7 6. Nf3 Qb6 7. O-O Bxb2 8.
Bxb2 Qxb2 9. Nbd2 d6 10. Rb1 Qg7 11. h3 Rb8 12. Ng5 e6 13. Bb5 Bd7 14. Ngf3
Nge7 15. Nc4 d5 16. exd5 Nxd5 17. Nd6+ Ke7 18. Ne4 f5 19. c4 fxe4 20. cxd5 exf3
21. dxc6 bxc6 22. Bd3 fxg2 23. Kxg2 Rhd8 24. Qa4 Kf8 25. Qxa7 Be8 26. Qa3+ Qe7
27. Qc3 Kg8 28. Kh1 Qd6 29. Be4 Rxb1 30. Rxb1 Qd2 31. Qb3 Qxf2 32. Qxe6+ Bf7
33. Qxc6 Qxa2 34. Rc1 Qd2 35. Bf3 Bd5 36. Bxd5+ Qxd5+ 37. Qxd5+ Rxd5 38. Rc8+
Kg7 39. Rc4 h6 40. h4 g5 41. h5 Rd7 42. Kg2 Rd6 43. Kg3 Kf6 44. Kg4 Ke5 45. Ra4
Rd4+ 46. Rxd4 Kxd4 47. Kf5 Kd5 48. Kg6 Ke6 49. Kxh6 Kf6 50. Kh7 g4 51. h6 g3
52. Kg8 g2 53. h7 g1=Q+ 54. Kf8 Qg7+ 0-1

[Event "Tournoi Skype 016A"]
[Site "Skype"]
[Date "????.??.??"]
[Round "3.15"]
[White "Grimwood, Robert"]
[Black "Legueltel, Daniel"]
[Result "0-1"]
[WhiteElo "1420"]
[BlackElo "1757"]
[PlyCount "78"]

1. d4 d5 2. Nf3 Bf5 3. Bf4 e6 4. e3 Nf6 5. c4 c6 6. Nc3 Bd6 7. Bxd6 Qxd6 8.
cxd5 exd5 9. Bd3 Bxd3 10. Qxd3 Nbd7 11. O-O O-O 12. e4 dxe4 13. Nxe4 Nxe4 14.
Qxe4 Nf6 15. Qc2 Rfe8 16. Rfe1 Qd5 17. Re5 Rxe5 18. dxe5 Nh5 19. Ng5 g6 20. Qd1
Qxe5 21. Nf3 Qc7 22. Qc2 Rd8 23. Rd1 Rxd1+ 24. Qxd1 Nf4 25. g3 Nd5 26. Qe2 Kg7
27. Ne5 Qe7 28. Kf1 Qe6 29. Nd3 Qf5 30. a3 a5 31. Qe5+ Qxe5 32. Nxe5 Nb6 33. b4
axb4 34. axb4 Nd5 35. Nd3 Kf6 36. Ke2 h5 37. f4 Kf5 38. Kf3 f6 39. g4+ hxg4+
0-1

[Event "Tournoi Skype 016A"]
[Site "Skype"]
[Date "????.??.??"]
[Round "3.16"]
[White "Casey, Eamonn"]
[Black "Saponara, Jose Maria"]
[Result "0-1"]
[WhiteElo "1753"]
[BlackElo "1520"]
[PlyCount "72"]

1. d4 d5 2. c4 c6 3. Nf3 Nf6 4. Nc3 a6 5. Bg5 h6 6. Bxf6 exf6 7. cxd5 cxd5 8.
e3 Nc6 9. a3 Be6 10. Bd3 Bd6 11. O-O Rc8 12. Rc1 Bb8 13. b4 O-O 14. Qb3 Ne7 15.
Na4 Qd6 16. Nc5 Rc7 17. g3 Rfc8 18. Rc2 Ba7 19. Rfc1 Bb6 20. Nxb7 Rxb7 21.
Rxc8+ Bxc8 22. Qa4 Bd7 23. b5 axb5 24. Bxb5 Ra7 25. Qb3 Rxa3 26. Qb2 Bxb5 27.
Qxb5 Ra8 28. Rb1 Rb8 29. Qd3 g6 30. h4 Bc7 31. Ra1 Kg7 32. e4 dxe4 33. Qxe4 Bb6
34. Ra6 Nf5 35. d5 Bxf2+ 36. Kxf2 Qxa6 0-1

[Event "Tournoi Skype 016A"]
[Site "Skype"]
[Date "????.??.??"]
[Round "3.17"]
[White "Karia, Vijay"]
[Black "Korkmaz, Serdar"]
[Result "1/2-1/2"]
[WhiteElo "1687"]
[BlackElo "1449"]
[PlyCount "139"]

1. e4 c6 2. d4 d5 3. exd5 cxd5 4. Bf4 Nc6 5. Nc3 Nf6 6. Nf3 e6 7. h3 g6 8. Bd3
Bg7 9. O-O O-O 10. Re1 Nh5 11. Be3 Re8 12. g4 Nf6 13. Bf4 Nd7 14. Bb5 a6 15.
Bxc6 bxc6 16. Ng5 Qf6 17. Be3 a5 18. Nf3 Qe7 19. a3 Ba6 20. Qd2 Qd6 21. Bh6 c5
22. dxc5 Nxc5 23. Bxg7 Kxg7 24. Qd4+ Kg8 25. Rad1 Nd7 26. Ne5 Nxe5 27. Rxe5
Rab8 28. Ne4 Qe7 29. Nc5 Bb5 30. Nd3 Qf6 31. Rde1 Rec8 32. R1e2 a4 33. c3 Rc4
34. Qe3 Rd8 35. Qd2 Re4 36. R2xe4 dxe4 37. Rxb5 exd3 38. Rb4 Qf3 39. Kh2 Qe2
40. Qxe2 dxe2 41. Re4 Rd2 42. Kg2 Rxb2 43. Kf3 Rb3 44. Rxe2 Rxa3 45. Rc2 Rb3
46. Ke2 a3 47. Kd2 Kg7 48. Ra2 Kf6 49. Kc2 Rb2+ 50. Rxb2 axb2 51. Kxb2 Ke5 52.
Kb3 Kd5 53. Kb4 Kc6 54. f4 f5 55. g5 e5 56. fxe5 Kd5 57. e6 Kxe6 58. Kc4 Ke5
59. Kd3 Kd5 60. c4+ Kc5 61. Kc3 Kd6 62. Kd4 Kc6 63. c5 Kc7 64. Kd5 Kd7 65. Kd4
Kc6 66. Kc4 Kc7 67. Kd5 Kd7 68. Kd4 Kc6 69. Kc4 Kc7 70. Kd5 1/2-1/2

[Event "Tournoi Skype 016A"]
[Site "Skype"]
[Date "????.??.??"]
[Round "3.18"]
[White "Murgia, Stefano"]
[Black "Coruble, Didier"]
[Result "0-1"]
[WhiteElo "1666"]
[BlackElo "1406"]
[PlyCount "68"]

1. e4 Nc6 2. d4 e6 3. Nf3 b6 4. Be3 Bb7 5. Nc3 a6 6. a3 Nce7 7. Bd3 Ng6 8. Qe2
Be7 9. h4 Nxh4 10. Nxh4 Bxh4 11. O-O-O Bf6 12. e5 Bg5 13. f4 Bh6 14. Ne4 f5 15.
exf6 gxf6 16. Qh5+ Kf8 17. Ng5 Qe7 18. Bd2 f5 19. Bb4 d6 20. Bc4 Bd5 21. Bxd5
exd5 22. Rde1 Qf6 23. Ne6+ Ke7 24. Nd8+ Kd7 25. Qe8+ Kc8 26. Qc6 Bxf4+ 27. Kb1
Rb8 28. Bc3 Ne7 29. Re6 Qxe6 30. Qxc7+ Kxc7 31. Nxe6+ Kd7 32. Nxf4 Rbg8 33. Bb4
a5 34. Bxd6 Kxd6 0-1

[Event "Tournoi Skype 016A"]
[Site "Skype"]
[Date "????.??.??"]
[Round "3.19"]
[White "Galani, Mahendra"]
[Black "Engstrom, Olle"]
[Result "0-1"]
[WhiteElo "1507"]
[BlackElo "1654"]
[PlyCount "96"]

1. d4 Nf6 2. g3 d5 3. Bg2 c6 4. Nc3 Bf5 5. Nf3 h6 6. Nh4 Bh7 7. O-O Nbd7 8. Re1
e5 9. e4 Bd6 10. exd5 cxd5 11. Nxd5 Nxd5 12. Bxd5 Qb6 13. c3 O-O 14. Bb3 exd4
15. cxd4 Nf6 16. Be3 Bb4 17. d5 Qa6 18. Bd2 Qa5 19. Bxb4 Qxb4 20. Rc1 Qd6 21.
Rc3 Rac8 22. Qf3 Rxc3 23. bxc3 b5 24. Rc1 Be4 25. Qe3 Bxd5 26. c4 bxc4 27. Bxc4
Bxc4 28. Rxc4 Qd1+ 29. Kg2 Qd5+ 30. Nf3 Qxc4 31. Qxa7 Qd5 32. a3 Ra8 33. Qe3
Qe4 34. Qb3 Rd8 35. a4 Rd3 36. Qb8+ Kh7 37. Qf4 Qxf4 38. gxf4 Ra3 39. Ne5 Rxa4
40. Nxf7 Rxf4 41. Ne5 Re4 42. Nf3 Re2 43. Nd4 Ra2 44. h3 Ne4 45. Kf3 Nxf2 46.
Nb3 Ra3 47. Kxf2 Rxb3 48. h4 Rh3 0-1

[Event "Tournoi Skype 016A"]
[Site "Skype"]
[Date "????.??.??"]
[Round "3.20"]
[White "Yeter, Orhan"]
[Black "Solak, Yusuf"]
[Result "0-1"]
[WhiteElo "1505"]
[BlackElo "1552"]
[PlyCount "92"]

1. e4 e6 2. d3 d5 3. g3 b6 4. Bg2 Bb7 5. Nh3 d4 6. O-O Nf6 7. Bg5 Be7 8. Bxf6
Bxf6 9. Nd2 Nd7 10. f4 e5 11. f5 g6 12. Qf3 Qe7 13. a4 O-O-O 14. a5 b5 15. a6
Bc6 16. Nb3 Rdf8 17. Na5 Ba8 18. Nb7 Bxb7 19. axb7+ Kxb7 20. Ra5 a6 21. Rfa1
Nc5 22. b4 Na4 23. Nf2 Qxb4 24. R5xa4 bxa4 25. Qd1 Qa5 26. Qb1+ Qb5 27. Ng4 Be7
28. Nxe5 Kc8 29. Qxb5 axb5 30. Nc6 Bc5 31. Bh3 Kb7 32. Ne5 Bb6 33. f6 h5 34.
Bd7 Ka6 35. Bc6 h4 36. g4 g5 37. h3 Rh6 38. Bd5 Re8 39. Nxf7 Rxf6 40. Nxg5 c6
41. Ba2 Bc7 42. Rf1 Ref8 43. Rxf6 Rxf6 44. Kg2 Bg3 45. Nf3 c5 46. e5 Rf8 0-1

[Event "Tournoi Skype 016A"]
[Site "Skype"]
[Date "????.??.??"]
[Round "3.21"]
[White "Trivedi, Viral"]
[Black "Duthoit, Bernard"]
[Result "1/2-1/2"]
[WhiteElo "1587"]
[BlackElo "1476"]
[PlyCount "32"]

1. e4 e6 2. d4 d5 3. exd5 exd5 4. Nf3 Nf6 5. c4 dxc4 6. Bxc4 Bb4+ 7. Nbd2 Nc6
8. O-O O-O 9. a3 Ba5 10. Ng5 Nxd4 11. Nxf7 Rxf7 12. Nb3 Bb6 13. Nxd4 Bxd4 14.
Bxf7+ Kxf7 15. Qb3+ Kf8 16. Rd1 c5 1/2-1/2

[Event "Tournoi Skype 016A"]
[Site "Skype"]
[Date "????.??.??"]
[Round "3.22"]
[White "Kruzeniski, Randy"]
[Black "Thoune, Jim"]
[Result "0-1"]
[WhiteElo "1549"]
[BlackElo "1499"]
[PlyCount "40"]

1. d4 Nf6 2. e3 g6 3. c4 Bg7 4. Nc3 O-O 5. Nf3 d6 6. Be2 Nbd7 7. O-O c6 8. b4
e5 9. dxe5 Nxe5 10. Nxe5 dxe5 11. Bb2 Bf5 12. e4 Nxe4 13. Nxe4 Bxe4 14. f3 Bf5
15. g4 Be6 16. Qc2 f5 17. c5 fxg4 18. fxg4 Qg5 19. Qe4 Bd5 20. Rf5 Rxf5 0-1

[Event "Tournoi Skype 016A"]
[Site "Skype"]
[Date "????.??.??"]
[Round "3.24"]
[White "Fouquereau, Andre"]
[Black "L'Herbon De Lussats, Jean"]
[Result "0-1"]
[WhiteElo "1590"]
[BlackElo "1507"]
[PlyCount "60"]

1. e4 c5 2. Nf3 Nc6 3. c3 e5 4. Bc4 Nf6 5. d3 d5 6. exd5 Nxd5 7. O-O Be6 8. Ng5
Qd7 9. Nxe6 Qxe6 10. Qb3 O-O-O 11. Na3 Na5 12. Qa4 Qb6 13. Bxd5 Rxd5 14. Be3
Be7 15. b4 Nc6 16. Bxc5 Bxc5 17. bxc5 Qxc5 18. Nb5 Qxb5 19. Qg4+ Rd7 20. c4 Qc5
21. a4 g6 22. Rab1 f5 23. Qf3 a6 24. Rb3 Nd4 25. Qd1 Nxb3 26. Qxb3 Rhd8 27. Qc2
Rxd3 28. Qe2 e4 29. h3 h5 30. Kh1 Rd2 0-1

[Event "Tournoi Skype 016A"]
[Site "Skype"]
[Date "????.??.??"]
[Round "3.25"]
[White "Aranzubia, Desiderio"]
[Black "Prasad Singh, Ambika"]
[Result "1-0"]
[WhiteElo "1491"]
[BlackElo "1579"]
[PlyCount "41"]

1. d4 Nf6 2. c4 g6 3. Nc3 d5 4. Bg5 dxc4 5. e4 e6 6. e5 h6 7. Bxf6 Be7 8. Bxh8
f6 9. exf6 Bxf6 10. Bxf6 Qxf6 11. Bxc4 Nc6 12. d5 exd5 13. Qxd5 Ne7 14. Qe4 c6
15. Nf3 Bf5 16. Qe2 O-O-O 17. Rd1 Nd5 18. Nxd5 cxd5 19. Rxd5 Re8 20. Re5 Rd8
21. Re8 1-0

[Event "Tournoi Skype 016A"]
[Site "Skype"]
[Date "????.??.??"]
[Round "3.26"]
[White "Rochette, Mathieu"]
[Black "Colak, Remzi"]
[Result "1/2-1/2"]
[WhiteElo "1516"]
[BlackElo "1465"]
[PlyCount "64"]

1. d4 f5 2. c4 e6 3. Nc3 Nf6 4. Nf3 d5 5. e3 Be7 6. Be2 c6 7. O-O O-O 8. b3
Nbd7 9. Bb2 Ne4 10. Rc1 Bd6 11. Nxe4 fxe4 12. Ne5 Nf6 13. f4 Qe7 14. c5 Bc7 15.
Bc3 a5 16. Be1 g6 17. Bh4 Qg7 18. Qe1 Bd8 19. Bg5 Nd7 20. Qh4 Bxg5 21. Qxg5
Nxe5 22. fxe5 Bd7 23. Rf6 Rab8 24. Bg4 Rxf6 25. exf6 Qf7 26. Qe5 Rc8 27. h4 h6
28. Rf1 Kh7 29. Rf4 Rg8 30. g3 Kh8 31. Qc7 Be8 32. Qxf7 Bxf7 1/2-1/2

[Event "Tournoi Skype 016A"]
[Site "Skype"]
[Date "????.??.??"]
[Round "3.27"]
[White "Grib, Johannes"]
[Black "Gharbi, Said"]
[Result "1-0"]
[WhiteElo "1472"]
[BlackElo "1511"]
[PlyCount "75"]

1. d4 e5 2. dxe5 Nc6 3. Nf3 Qe7 4. Qd5 Qb4+ 5. c3 Nge7 6. Qxf7+ Kxf7 7. cxb4
Nxb4 8. Kd1 Ned5 9. e4 Nb6 10. Nc3 Bc5 11. a3 Nd3 12. Bxd3 Bxf2 13. Rf1 Bc5 14.
Nd5 Na4 15. Nh4+ Ke6 16. Nxc7+ Kxe5 17. Bf4+ Kd4 18. Nf3+ Kxd3 19. Nxa8 Nxb2+
20. Ke1 Kxe4 21. Rc1 Nd3+ 22. Ke2 Nxf4+ 23. Kd1 Be3 24. Rc4+ Kf5 25. g3 d5 26.
Nh4+ Kg5 27. Rc7 Nd3 28. Nf3+ Kg6 29. Ke2 Bf5 30. Nh4+ Kg5 31. Rxf5+ Kh6 32.
Kxd3 d4 33. g4 g6 34. Rff7 Rxa8 35. Nf3 Rh8 36. Rxb7 a5 37. h4 g5 38. Rb6# 1-0

[Event "Tournoi Skype 016A"]
[Site "Skype"]
[Date "????.??.??"]
[Round "3.28"]
[White "Meaney, Mike"]
[Black "Vello, Pablo"]
[Result "1-0"]
[WhiteElo "1491"]
[BlackElo "1464"]
[PlyCount "109"]

1. Nf3 Nf6 2. e3 d5 3. b3 g6 4. Bb2 Bg7 5. c4 c6 6. cxd5 cxd5 7. Bb5+ Bd7 8.
Qe2 O-O 9. Na3 a6 10. Bxd7 Qxd7 11. Rc1 Nc6 12. O-O Rac8 13. d3 Ng4 14. Bxg7
Kxg7 15. h3 Nf6 16. Rfd1 e5 17. e4 d4 18. Nc4 Qe7 19. Nb6 Rc7 20. Nh2 Nd7 21.
Nd5 Qd6 22. Nxc7 Qxc7 23. Ng4 f5 24. exf5 Rxf5 25. Qd2 Rh5 26. Re1 Qd6 27. Re4
Nf6 28. Nxf6 Qxf6 29. Rce1 Rf5 30. Qe2 Kf7 31. f4 Ke6 32. fxe5 Rxe5 33. Rxe5+
Nxe5 34. Qg4+ Kd5 35. Qe4+ Ke6 36. Qxd4 Qg5 37. Qf2 Kd5 38. d4 Nd3 39. Qf7+
Kxd4 40. Qd7+ Kc3 41. Qc7+ Kd2 42. Rf1 Qe3+ 43. Kh2 Qe2 44. Qa5+ Kc2 45. Rf3
Qd2 46. Qxd2+ Kxd2 47. Rf7 Nc1 48. Rxb7 Nxa2 49. Rxh7 Kc3 50. Rg7 Kxb3 51. Rxg6
Nb4 52. h4 a5 53. h5 a4 54. Rg5 a3 55. Ra5 1-0

[Event "Tournoi Skype 016A"]
[Site "Skype"]
[Date "????.??.??"]
[Round "4.1"]
[White "Ayotte, Jocelyn"]
[Black "Elias, Roberto"]
[Result "1-0"]
[WhiteElo "2107"]
[BlackElo "1847"]
[PlyCount "89"]

1. d4 Nf6 2. Nf3 c5 3. dxc5 Nc6 4. c4 e5 5. Nc3 Bxc5 6. e3 O-O 7. Be2 d6 8. O-O
Be6 9. a3 d5 10. b4 Be7 11. cxd5 Nxd5 12. Bb2 Bf6 13. Nxd5 Bxd5 14. b5 Bxf3 15.
Bxf3 Na5 16. Bc3 Qc7 17. Rc1 Rfd8 18. Bb4 Qb6 19. Qa4 Nb3 20. Qxb3 Qxb5 21. Rc7
Rd7 22. Rxd7 Qxd7 23. Rd1 Qe8 24. Qd5 Rb8 25. Qd7 e4 26. Qxe8+ Rxe8 27. Bg4 b6
28. Rc1 a5 29. Bd6 g6 30. Rc8 Rxc8 31. Bxc8 b5 32. Bb7 Bc3 33. Bxe4 b4 34. a4
Kg7 35. Bd5 Kf6 36. Bb3 Be5 37. Bxe5+ Kxe5 38. Bxf7 Ke4 39. Bc4 g5 40. g4 Kf3
41. h3 h6 42. Kf1 Ke4 43. Ke2 Ke5 44. Kd3 Kd6 45. Kd4 1-0

[Event "Tournoi Skype 016A"]
[Site "Skype"]
[Date "????.??.??"]
[Round "4.2"]
[White "Deniz, Ugur"]
[Black "Donmez, Unal"]
[Result "0-1"]
[WhiteElo "1918"]
[BlackElo "1937"]
[PlyCount "66"]

1. e4 e5 2. Nf3 Nc6 3. Bc4 Nf6 4. d3 Bc5 5. c3 d6 6. Bb3 h6 7. Nbd2 O-O 8. Nf1
d5 9. Qe2 Re8 10. Ng3 Be6 11. Bc2 a5 12. O-O Qd6 13. d4 exd4 14. e5 Nxe5 15.
Nxe5 Bg4 16. Qd3 Qxe5 17. Bd2 Be2 18. Nxe2 Qxe2 19. Rfe1 Qxd3 20. Bxd3 Ne4 21.
Bxe4 Rxe4 22. Rxe4 dxe4 23. cxd4 Bxd4 24. Kf1 a4 25. Rc1 c5 26. Bc3 Rd8 27. Ke2
f5 28. Bxd4 cxd4 29. Rc7 f4 30. Re7 e3 31. Re4 d3+ 32. Kd1 exf2 33. Rxf4 Rf8
0-1

[Event "Tournoi Skype 016A"]
[Site "Skype"]
[Date "????.??.??"]
[Round "4.3"]
[White "Plourde, Alain"]
[Black "Dal, Ibrahim"]
[Result "1/2-1/2"]
[WhiteElo "1886"]
[BlackElo "1704"]
[PlyCount "98"]

1. d4 c6 2. e4 d5 3. e5 Bf5 4. Nf3 e6 5. c4 Nd7 6. cxd5 cxd5 7. Qa4 Rc8 8. Nc3
a6 9. Be2 h6 10. O-O Ne7 11. Qb3 Qb6 12. Qxb6 Nxb6 13. Bd2 Nc4 14. Bxc4 Rxc4
15. Rfc1 Bg4 16. b3 Rc8 17. h3 Bxf3 18. gxf3 Nf5 19. Ne2 Kd7 20. Rxc8 Kxc8 21.
Rc1+ Kb8 22. Ba5 Be7 23. Bb6 Bd8 24. Bc5 Kc8 25. Ng3 Nh4 26. Rc3 Kd7 27. Bd6
Bb6 28. f4 g6 29. Ne2 Rc8 30. Bb4 Nf5 31. Rxc8 Kxc8 32. Bc3 Kd7 33. Kf1 Kc6 34.
Ke1 Bd8 35. Ng3 a5 36. Nxf5 gxf5 37. Ke2 b5 38. a4 b4 39. Bd2 f6 40. f3 Kd7 41.
Be1 fxe5 42. fxe5 Ke8 43. Bd2 Bg5 44. f4 Bh4 45. Kf3 Kf7 46. Ke3 Kg6 47. Kf3
Kh5 48. Ke3 Bd8 49. Be1 Bb6 1/2-1/2

[Event "Tournoi Skype 016A"]
[Site "Skype"]
[Date "????.??.??"]
[Round "4.4"]
[White "Jacquelin, Norbert"]
[Black "Janssen, Gerard"]
[Result "1-0"]
[WhiteElo "1924"]
[BlackElo "1761"]
[PlyCount "54"]

1. c4 c5 2. Nc3 e6 3. Nf3 Nc6 4. g3 Nf6 5. Bg2 d5 6. cxd5 exd5 7. d4 Be6 8. O-O
a6 9. Bg5 cxd4 10. Nxd4 Be7 11. Nxe6 fxe6 12. e3 O-O 13. Bh3 Qd6 14. a3 h6 15.
Bxf6 Rxf6 16. Qe2 b5 17. Rad1 Rd8 18. Ne4 Qe5 19. Nxf6+ Bxf6 20. Qc2 Na5 21. b3
Qd6 22. Rc1 e5 23. Rfd1 Qxa3 24. Rxd5 Nxb3 25. Rxd8+ Bxd8 26. Be6+ Kf8 27. Bxb3
Bf6 1-0

[Event "Tournoi Skype 016A"]
[Site "Skype"]
[Date "????.??.??"]
[Round "4.5"]
[White "Brun, Jacques"]
[Black "Hervais, Adrien"]
[Result "1-0"]
[WhiteElo "1804"]
[BlackElo "1999"]
[PlyCount "99"]

1. e4 e6 2. d4 d5 3. Nc3 Nf6 4. Bg5 Be7 5. e5 h6 6. exf6 hxg5 7. fxe7 Qxe7 8.
Nf3 Nd7 9. h3 c6 10. Qe2 g4 11. Ne5 gxh3 12. Rxh3 Rxh3 13. gxh3 Qg5 14. Qe3
Nxe5 15. Qxe5 Qh6 16. Qe3 Qf6 17. O-O-O Bd7 18. f4 O-O-O 19. Be2 Rh8 20. Bg4
Qh4 21. Rh1 Rh6 22. Nd1 Rg6 23. Nf2 f5 24. Bf3 Rg3 25. b3 Qh6 26. Nd3 Rxh3 27.
Rxh3 Qxh3 28. Ne5 Be8 29. Qg1 Qh4 30. Qg5 Qe1+ 31. Kb2 Qb4 32. c3 Qf8 33. Bh5
Bxh5 34. Qxh5 c5 35. Qf7 Qxf7 36. Nxf7 cxd4 37. cxd4 Kd7 38. Kc3 Kc6 39. a3 b6
40. Kd3 Kd7 41. Ke3 Ke7 42. Ne5 Kf6 43. b4 g5 44. fxg5+ Kxg5 45. b5 Kh5 46. Kf4
Kh4 47. Nf7 Kh3 48. Nd8 e5+ 49. Kxe5 Kg4 50. Ne6 1-0

[Event "Tournoi Skype 016A"]
[Site "Skype"]
[Date "????.??.??"]
[Round "4.6"]
[White "Legueltel, Daniel"]
[Black "Sojka, Bernard"]
[Result "0-1"]
[WhiteElo "1757"]
[BlackElo "1968"]
[PlyCount "66"]

1. d4 Nf6 2. c4 c5 3. d5 b5 4. Nc3 bxc4 5. e4 d6 6. Bxc4 g6 7. Nf3 Bg7 8. Bg5
O-O 9. Qd2 Re8 10. h3 Nbd7 11. O-O a5 12. b3 Ba6 13. Bxa6 Rxa6 14. Rae1 Qb8 15.
Bh6 Bh8 16. Bf4 Nh5 17. Bh2 Qb4 18. Na4 Ne5 19. Qe2 Nxf3+ 20. Qxf3 Bd4 21. Qd3
Raa8 22. g4 Nf6 23. Re2 Nd7 24. Kh1 e5 25. h4 Rac8 26. Rc1 Rc7 27. g5 Rec8 28.
Rc4 Qb7 29. Qh3 Re8 30. h5 f5 31. hxg6 hxg6 32. f3 Nf8 33. Bg1 Rh7 0-1

[Event "Tournoi Skype 016A"]
[Site "Skype"]
[Date "????.??.??"]
[Round "4.7"]
[White "Deville, Olivier"]
[Black "Segura Lozano, Marcos Antonio"]
[Result "1-0"]
[WhiteElo "1945"]
[BlackElo "1807"]
[PlyCount "99"]

1. c4 Nf6 2. Nf3 g6 3. Nc3 Bg7 4. e4 O-O 5. d4 d6 6. Be2 c5 7. O-O Nc6 8. d5
Nb8 9. h3 Nbd7 10. Bg5 Ne8 11. Qd2 f6 12. Bh6 Rf7 13. Nh2 Ne5 14. Bxg7 Nxg7 15.
f4 Nd7 16. Ng4 Kh8 17. Rae1 a6 18. a4 Qa5 19. Bd3 Nb6 20. Qc2 Bd7 21. b3 f5 22.
Nh6 Rff8 23. exf5 gxf5 24. Rxe7 Rf6 25. Nf7+ Kg8 26. Rfe1 Rf8 27. Ng5 h6 28.
Ne6 Nxe6 29. dxe6 Bc6 30. Re3 Nc8 31. Rg3+ Kh8 32. Reg7 Qd8 33. Nd5 Bxd5 34.
cxd5 Ne7 35. Bc4 Qe8 36. Qd2 Rg8 37. Rxg8+ Nxg8 38. Qc3 Qe7 39. b4 b6 40. bxc5
bxc5 41. Bxa6 Kh7 42. Qb2 Qf8 43. Qb7+ Ne7 44. Qd7 h5 45. Qxd6 Kh6 46. Qxc5 Qd8
47. d6 Qb8 48. Qe5 Qb1+ 49. Bf1 Qb6+ 50. Kh2 1-0

[Event "Tournoi Skype 016A"]
[Site "Skype"]
[Date "????.??.??"]
[Round "4.8"]
[White "Patra Kumar, Subhendu"]
[Black "Mulrooney, Justin"]
[Result "1-0"]
[WhiteElo "1887"]
[BlackElo "1705"]
[PlyCount "67"]

1. e4 e6 2. d4 d5 3. Nc3 Be7 4. Qg4 Nf6 5. Qxg7 Rg8 6. Qh6 dxe4 7. Be3 Nc6 8.
O-O-O Rg6 9. Qh4 a6 10. Nxe4 Nxe4 11. Qxe4 Nb4 12. a3 Nd5 13. Ne2 Bd7 14. Nf4
Nxf4 15. Qxf4 Bd6 16. Qf3 Bc6 17. Qh3 Qe7 18. Bd2 O-O-O 19. Rg1 Be4 20. c4 Qd7
21. Qe3 Bc6 22. Kb1 f5 23. g3 f4 24. Qc3 fxg3 25. hxg3 Qf7 26. Be3 Be7 27. Bg2
Bf3 28. Qb3 Bxg2 29. Rxg2 Bg5 30. Rh2 Qf5+ 31. Ka1 Rd7 32. Rdh1 Bxe3 33. Qxe3
Rxg3 34. fxg3 1-0

[Event "Tournoi Skype 016A"]
[Site "Skype"]
[Date "????.??.??"]
[Round "4.9"]
[White "Rico Hernandez, Edgar"]
[Black "Engstrom, Olle"]
[Result "1-0"]
[WhiteElo "1872"]
[BlackElo "1654"]
[PlyCount "37"]

1. d4 Nf6 2. c4 g6 3. Nc3 d5 4. e3 Bg7 5. Nf3 O-O 6. Bd3 c6 7. O-O dxc4 8. Bxc4
b5 9. Bd3 Bb7 10. Qe2 a6 11. b3 c5 12. Bb2 cxd4 13. Nxd4 e5 14. Ndxb5 axb5 15.
Nxb5 e4 16. Bc4 Nc6 17. a4 Na5 18. Rfd1 Qe7 19. Ba3 1-0

[Event "Tournoi Skype 016A"]
[Site "Skype"]
[Date "????.??.??"]
[Round "4.10"]
[White "Saponara, Jose Maria"]
[Black "Lambert, Pierre"]
[Result "0-1"]
[WhiteElo "1520"]
[BlackElo "1830"]
[PlyCount "58"]

1. e4 c5 2. Nf3 d6 3. c4 Nc6 4. Nc3 Nf6 5. d4 Bg4 6. Be2 Bxf3 7. Bxf3 Nxd4 8.
O-O g6 9. Be3 Nxf3+ 10. Qxf3 Bg7 11. Rab1 Rc8 12. Rfd1 Nd7 13. Bf4 O-O 14. Qe3
Ne5 15. Bxe5 Bxe5 16. Ne2 Qe8 17. f4 Bg7 18. Kh1 Qa4 19. b3 Qxa2 20. e5 Qa6 21.
exd6 exd6 22. Qd3 Rfe8 23. Ng3 Bd4 24. Re1 Qc6 25. Re2 Rxe2 26. Nxe2 Bg7 27.
Rd1 Re8 28. Ng3 Bd4 29. h4 Re3 0-1

[Event "Tournoi Skype 016A"]
[Site "Skype"]
[Date "????.??.??"]
[Round "4.12"]
[White "Jaimes, Fredy"]
[Black "Coruble, Didier"]
[Result "1-0"]
[WhiteElo "1814"]
[BlackElo "1406"]
[PlyCount "37"]

1. e4 c5 2. Nf3 d6 3. d4 Nc6 4. dxc5 dxc5 5. Qxd8+ Nxd8 6. Nc3 Nc6 7. Nb5 Kd8
8. Bf4 a6 9. Nc7 Ra7 10. O-O-O+ Bd7 11. Nd5 e5 12. Nxe5 Nxe5 13. Bxe5 f6 14.
Bg3 b5 15. Nb6 Be7 16. Be2 Ke8 17. Nxd7 Rxd7 18. a4 Rc7 19. Bxc7 1-0

[Event "Tournoi Skype 016A"]
[Site "Skype"]
[Date "????.??.??"]
[Round "4.13"]
[White "Thoune, Jim"]
[Black "Altinok, Selim"]
[Result "0-1"]
[WhiteElo "1499"]
[BlackElo "1854"]
[PlyCount "100"]

1. d4 Nf6 2. c4 g6 3. Nc3 Bg7 4. e4 d6 5. Bd3 e5 6. d5 Nbd7 7. Nge2 O-O 8. f3
Nc5 9. Be3 Nxd3+ 10. Qxd3 Nh5 11. O-O-O f5 12. g3 fxe4 13. fxe4 Bh3 14. Qd2 Rf7
15. Kb1 Qf8 16. Nc1 Nf6 17. Nd3 Ng4 18. Rde1 Nxe3 19. Qxe3 Bh6 20. Qe2 Rf3 21.
Nd1 Rf7 22. g4 Rf3 23. N3f2 Qf4 24. a3 Bxg4 25. Nxg4 Qxg4 26. Rhg1 Qf4 27. Qc2
Qd2 28. Re2 Qxc2+ 29. Rxc2 Raf8 30. Ka2 R8f4 31. Re2 Rh4 32. Nc3 a6 33. Rg3 Rf1
34. Rgg2 Bf4 35. a4 Rh1 36. a5 R1xh2 37. b4 Rxg2 38. Rxg2 Rh2 39. Rxh2 Bxh2 40.
c5 Bg1 41. Na4 Kf7 42. Nb6 Ke7 43. cxd6+ cxd6 44. Nc4 h5 45. Nd2 h4 46. Kb3 h3
47. Nf1 Bf2 48. Kc4 Kf6 49. b5 Kg5 50. Nh2 Kf4 0-1

[Event "Tournoi Skype 016A"]
[Site "Skype"]
[Date "????.??.??"]
[Round "4.14"]
[White "Megelas, Florent"]
[Black "Yeter, Orhan"]
[Result "1-0"]
[WhiteElo "1704"]
[BlackElo "1505"]
[PlyCount "83"]

1. e4 c5 2. Nf3 d6 3. Nc3 a6 4. d4 cxd4 5. Nxd4 Nc6 6. Bc4 e6 7. O-O g6 8. Nxc6
bxc6 9. Bb3 Bg7 10. Ba4 Bb7 11. Be3 Nf6 12. Qd3 Ng4 13. Bf4 Ne5 14. Bxe5 Bxe5
15. f4 Qb6+ 16. Kh1 Bg7 17. Rab1 Rd8 18. f5 O-O 19. fxe6 fxe6 20. Bb3 d5 21.
exd5 cxd5 22. Qe2 Kh8 23. Nd1 Rxf1+ 24. Qxf1 Rf8 25. Qe2 d4 26. Nf2 Qc6 27. Nd3
e5 28. Nxe5 Bxe5 29. Qxe5+ Qf6 30. Qxf6+ Rxf6 31. Re1 Bc6 32. Kg1 Kg7 33. Re6
Rxe6 34. Bxe6 Kf6 35. Bc4 Ke5 36. Bxa6 Kd6 37. g3 Kc5 38. Kf2 Kb4 39. Ke2 Bd5
40. a3+ Ka5 41. Bc8 g5 42. Kd3 1-0